[Event "ESP-ch U12 rapid"]
[Site "Salobrena"]
[Date "2023.07.16"]
[Round "9"]
[White "Bozhkov Stoyanov, Cristopher"]
[Black "Prieto Rol, Esther"]
[Result "0-1"]
[WhiteElo "1434"]
[BlackElo "1311"]
[PlyCount "110"]
[EventDate "2023.07.15"]
[EventType "swiss (rapid)"]
[EventRounds "9"]
[EventCountry "ESP"]
[SourceTitle "EXT 2024"]
[Source "ChessBase"]
[SourceDate "2023.10.10"]
[SourceVersion "1"]
[SourceVersionDate "2023.10.10"]
[SourceQuality "1"]

1. d4 d5 2. Nf3 Nf6 3. c4 c6 4. Nc3 a6 5. g3 Bf5 6. Bg2 h6 7. cxd5 cxd5 8. Ne5 e6 9. 0-0 Nbd7 10. Bf4 Be7 11. Rc1 0-0 12. h4 Rc8 13. Qd2 Nb6 14. a3 Nc4 15. Nxc4 Rxc4 16. e3 b5 17. Qe2 Qd7 18. Rfd1 Rfc8 19. f3 b4 20. axb4 Bxb4 21. e4 dxe4 22. fxe4 Bg4 23. Bf3 Bxf3 24. Qxf3 Bxc3 25. bxc3 Qc6 26. d5 exd5 27. exd5 Qc5+ 28. Be3 Qd6 29. Bf4 Qb6+ 30. Kh1 Qb2 31. Be5 Ng4 32. Qg2 Qxg2+ 33. Kxg2 Nxe5 34. d6 Nd7 35. Rb1 Rxc3 36. Rb7 Rc2+ 37. Kh3 Nc5 38. Rc7 Ne4 39. Rxc2 Rxc2 40. d7 Nf2+ 41. Kh2 Nxd1+ 42. Kg1 Rd2 43. Kh1 Rxd7 44. g4 a5 45. g5 hxg5 46. hxg5 a4 47. g6 fxg6 48. Kg1 a3 49. Kh1 a2 50. Kg2 a1Q 51. Kf3 Rf7+ 52. Kg4 Qd4+ 53. Kh3 Rf3+ 54. Kg2 Qg4+ 55. Kh2 Rh3# 0-1

[Event "ESP-ch U12 rapid"]
[Site "Salobrena"]
[Date "2023.07.15"]
[Round "1"]
[White "Bozhkov Stoyanov, Cristopher"]
[Black "Argudin Fernandez, Adrian"]
[Result "1-0"]
[WhiteElo "1434"]
[BlackElo "1135"]
[PlyCount "73"]
[EventDate "2023.07.15"]
[EventType "swiss (rapid)"]
[EventRounds "9"]
[EventCountry "ESP"]
[SourceTitle "EXT 2024"]
[Source "ChessBase"]
[SourceDate "2023.10.10"]
[SourceVersion "1"]
[SourceVersionDate "2023.10.10"]
[SourceQuality "1"]

1. d4 d5 2. Nf3 e6 3. c4 Nf6 4. Nc3 Be7 5. g3 0-0 6. cxd5 exd5 7. Bg2 Nc6 8. 0-0 Bg4 9. h3 Bf5 10. a3 h6 11. Bf4 Ne4 12. Nxe4 Bxe4 13. Rc1 Bd6 14. Ne5 Bxe5 15. dxe5 Bxg2 16. Kxg2 g5 17. Bd2 Nxe5 18. f4 Ng6 19. f5 Ne5 20. Bc3 f6 21. e4 dxe4 22. Qh5 Qe7 23. Bxe5 fxe5 24. Qxh6 Qf6 25. Qh5 c6 26. h4 gxh4 27. g4 Rf7 28. g5 Qh8 29. Qg4 h3+ 30. Kh2 Rd8 31. Rc2 Rfd7 32. f6 Rd2+ 33. Rf2 e3 34. Qe6+ Kf8 35. Qe7+ Kg8 36. f7+ Kg7 37. f8Q+ 1-0

[Event "ESP-ch U12 rapid"]
[Site "Salobrena"]
[Date "2023.07.15"]
[Round "3"]
[White "Bozhkov Stoyanov, Cristopher"]
[Black "Vila Castillo, Jaime"]
[Result "1/2-1/2"]
[WhiteElo "1434"]
[BlackElo "1218"]
[PlyCount "127"]
[EventDate "2023.07.15"]
[EventType "swiss (rapid)"]
[EventRounds "9"]
[EventCountry "ESP"]
[SourceTitle "EXT 2024"]
[Source "ChessBase"]
[SourceDate "2023.10.10"]
[SourceVersion "1"]
[SourceVersionDate "2023.10.10"]
[SourceQuality "1"]

1. d4 Nf6 2. Nf3 d5 3. c4 e6 4. Nc3 Be7 5. Bf4 b6 6. g3 Bb7 7. Bg2 Nbd7 8. 0-0 Nh5 9. Bd2 Nhf6 10. Rc1 0-0 11. cxd5 exd5 12. Nb5 c6 13. Nc3 c5 14. Bg5 h6 15. Bxf6 Nxf6 16. Qb3 c4 17. Qc2 Bb4 18. a3 Bxc3 19. bxc3 Ne4 20. Nd2 Nxd2 21. Qxd2 Re8 22. Rfe1 Qe7 23. Qb2 Rad8 24. Qb4 Qxb4 25. axb4 a6 26. Ra1 b5 27. e3 Re7 28. Ra2 Rde8 29. Rae2 f5 30. Ra1 Kf7 31. h4 g5 32. h5 g4 33. Kh2 Kf6 34. Rae1 Kg5 35. f3 Kxh5 36. e4 dxe4 37. fxe4 Bxe4 38. Bxe4 Rxe4 39. Rxe4 Rxe4 40. Rd1 Re3 41. Ra1 Rxc3 42. Rxa6 Rd3 43. Ra5 Rxd4 44. Rxb5 Rd2+ 45. Kg1 Rb2 46. Rxf5+ Kg6 47. Rc5 Rxb4 48. Kf2 h5 49. Ke3 Rb3+ 50. Kf4 Rf3+ 51. Ke4 c3 52. Rc6+ Kg7 53. Rc7+ Kf6 54. Rc6+ Ke7 55. Rc5 Rxg3 56. Rxh5 c2 57. Rc5 Rg1 58. Rxc2 Kd6 59. Kf4 Kd5 60. Re2 Kd4 61. Re8 Kd3 62. Rg8 Ke2 63. Rxg4 Rxg4+ 64. Kxg4 1/2-1/2

[Event "ESP-ch U12"]
[Site "Salobrena"]
[Date "2023.07.14"]
[Round "8"]
[White "Rivero Gil, Carlos"]
[Black "Bozhkov Stoyanov, Cristopher"]
[Result "1/2-1/2"]
[WhiteElo "1361"]
[BlackElo "1531"]
[PlyCount "52"]
[EventDate "2023.07.10"]
[EventType "swiss"]
[EventRounds "9"]
[EventCountry "ESP"]
[SourceTitle "EXT 2024"]
[Source "ChessBase"]
[SourceDate "2023.10.10"]
[SourceVersion "1"]
[SourceVersionDate "2023.10.10"]
[SourceQuality "1"]

1. e4 c5 2. b3 g6 3. Bb2 Nf6 4. Nc3 Bg7 5. Nd5 0-0 6. Nxf6+ exf6 7. Bc4 Nc6 8. Ne2 d6 9. 0-0 Re8 10. Bd5 Nb4 11. a3 Nxd5 12. exd5 Bg4 13. f3 Bd7 14. Ng3 a6 15. Rb1 f5 16. Bxg7 Kxg7 17. c4 Qf6 18. Ne2 b5 19. d3 Re3 20. Qd2 Rae8 21. Rbe1 f4 22. Kf2 Qh4+ 23. Kg1 Qf6 24. Kf2 Qh4+ 25. Kg1 Qf6 26. Kf2 Qh4+ 1/2-1/2

[Event "ESP-ch U12"]
[Site "Salobrena"]
[Date "2023.07.10"]
[Round "2"]
[White "Reboredo Barrosa, Antia"]
[Black "Bozhkov Stoyanov, Cristopher"]
[Result "1/2-1/2"]
[WhiteElo "1282"]
[BlackElo "1531"]
[PlyCount "113"]
[EventDate "2023.07.10"]
[EventType "swiss"]
[EventRounds "9"]
[EventCountry "ESP"]
[SourceTitle "EXT 2024"]
[Source "ChessBase"]
[SourceDate "2023.10.10"]
[SourceVersion "1"]
[SourceVersionDate "2023.10.10"]
[SourceQuality "1"]

1. e4 c5 2. c3 d5 3. exd5 Qxd5 4. d4 Nf6 5. Nf3 e6 6. Na3 a6 7. Nc4 Nbd7 8. Be3 b5 9. Nce5 cxd4 10. Nxd7 Bxd7 11. Qxd4 Be7 12. Be2 0-0 13. 0-0 Rfd8 14. Ne5 Qxd4 15. Bxd4 Be8 16. Rad1 Nd5 17. Ng4 Rac8 18. Ne3 Nxe3 19. Bxe3 Rxd1 20. Rxd1 Rd8 21. Rxd8 Bxd8 22. Bf3 a5 23. Kf1 Bc7 24. h3 Bd6 25. Bb6 a4 26. b3 axb3 27. axb3 f6 28. c4 bxc4 29. bxc4 Bd7 30. Bb7 Kf7 31. c5 Bxc5 32. Bxc5 Kg6 33. Ke2 Bb5+ 34. Kf3 Bf1 35. Bc6 Kf7 36. Ke3 Bc4 37. Kd4 Bf1 38. Ke3 Bc4 39. h4 g5 40. hxg5 fxg5 41. f4 gxf4+ 42. Kxf4 Bd3 43. Be4 Bf1 44. g3 h6 45. Ke5 Bh3 46. Be3 Kg7 47. Bc6 h5 48. Bf3 Kg6 49. Bd2 Bf5 50. Be4 h4 51. Bxf5+ exf5 52. gxh4 Kh5 53. Bg5 Kg4 54. Kd4 f4 55. Ke4 f3 56. Be3 Kxh4 57. Kxf3 1/2-1/2

[Event "ESP-ch U12 Rapid"]
[Site "Salobrena"]
[Date "2022.07.17"]
[Round "6"]
[White "Bozhkov Stoyanov, Cristopher"]
[Black "Herman Gamazo, Isaac"]
[Result "0-1"]
[WhiteElo "1303"]
[BlackElo "1729"]
[PlyCount "70"]
[EventDate "2022.07.09"]
[EventType "swiss (rapid)"]
[EventRounds "9"]
[EventCountry "ESP"]
[SourceTitle "EXT 2023"]
[Source "ChessBase"]
[SourceDate "2022.10.05"]
[SourceVersion "1"]
[SourceVersionDate "2022.10.05"]
[SourceQuality "1"]

1. d4 Nf6 2. c4 g6 3. Nf3 Bg7 4. Nc3 d6 5. e4 0-0 6. Be3 e5 7. Qd2 Nc6 8. d5 Ne7 9. Be2 Ng4 10. Bg5 f5 11. h3 Nf6 12. Bxf6 Rxf6 13. 0-0-0 a5 14. exf5 gxf5 15. Rhg1 e4 16. Nd4 Bh6 17. f4 exf3 18. Bxf3 Bxd2+ 19. Rxd2 Ng6 20. g4 fxg4 21. Bxg4 Bxg4 22. Rxg4 Rf1+ 23. Kc2 Kh8 24. Ne6 Qf6 25. Ne4 Qf5 26. Kb3 a4+ 27. Ka3 h5 28. Rxg6 Qxg6 29. N4g5 Qf5 30. h4 Rf2 31. Rd4 Qc2 32. Nf7+ Kh7 33. Nfg5+ Kg8 34. Rd2 Rxd2 35. Nd4 Qxb2# 0-1

[Event "Madrid-ch U12"]
[Site "Madrid"]
[Date "2022.04.09"]
[Round "5"]
[White "Bozhkov Stoyanov, Cristopher"]
[Black "Herraiz Ciudad, Miguel"]
[Result "0-1"]
[WhiteElo "1395"]
[BlackElo "1426"]
[PlyCount "140"]
[EventDate "2022.04.02"]
[EventType "swiss"]
[EventRounds "6"]
[EventCountry "ESP"]
[SourceTitle "EXT 2024"]
[Source "ChessBase"]
[SourceDate "2023.10.10"]
[SourceVersion "1"]
[SourceVersionDate "2023.10.10"]
[SourceQuality "1"]

1. d4 Nf6 2. Nf3 c5 3. c3 g6 4. e3 cxd4 5. exd4 Bg7 6. Bd3 0-0 7. 0-0 d5 8. Bf4 Nc6 9. Nbd2 Re8 10. Re1 Bd7 11. Ne5 Nh5 12. Bg3 Nxg3 13. hxg3 Nxe5 14. dxe5 Qc7 15. Qe2 h5 16. Nb3 e6 17. Nd4 a6 18. g4 hxg4 19. Rac1 Bc6 20. c4 g3 21. f4 dxc4 22. Rxc4 Qb6 23. Qe3 Bd5 24. Rc2 Bxa2 25. Nf3 Qxe3+ 26. Rxe3 Bh6 27. Ng5 Bxg5 28. fxg5 Rac8 29. Rxg3 Rxc2 30. Bxc2 Rc8 31. Rc3 Rxc3 32. bxc3 Bd5 33. g3 Kf8 34. Kf2 Ke7 35. Ke3 Kd7 36. Kd4 b6 37. c4 Bc6 38. Kc3 b5 39. cxb5 Bxb5 40. Kb4 Kc6 41. Be4+ Kb6 42. Kc3 Kc5 43. Bb7 Bc6 44. Bxa6 Kd5 45. Kd3 Kxe5 46. Ke3 Kf5 47. Be2 Kxg5 48. Bf3 Bxf3 49. Kxf3 f5 50. Kf2 Kg4 51. Kg2 e5 52. Kf2 f4 53. gxf4 Kxf4 54. Kg2 Ke3 55. Kg3 e4 56. Kg4 Kf2 57. Kg5 e3 58. Kxg6 e2 59. Kf6 e1Q 60. Kf5 Qe3 61. Kf6 Qe4 62. Kf7 Qe5 63. Kg6 Qf4 64. Kg7 Qf5 65. Kg8 Qd7 66. Kf8 Kf3 67. Kg8 Kf4 68. Kf8 Kf5 69. Kg8 Kg6 70. Kh8 Qc8# 0-1

[Event "Madrid-ch U12"]
[Site "Madrid"]
[Date "2022.04.03"]
[Round "3"]
[White "Rodriguez Claes, Adrian"]
[Black "Bozhkov Stoyanov, Cristopher"]
[Result "1/2-1/2"]
[WhiteElo "1430"]
[BlackElo "1395"]
[PlyCount "55"]
[EventDate "2022.04.02"]
[EventType "swiss"]
[EventRounds "6"]
[EventCountry "ESP"]
[SourceTitle "EXT 2024"]
[Source "ChessBase"]
[SourceDate "2023.10.10"]
[SourceVersion "1"]
[SourceVersionDate "2023.10.10"]
[SourceQuality "1"]

1. d4 d5 2. Nf3 Nf6 3. Bf4 e6 4. e3 Bd6 5. Bxd6 Qxd6 6. Bd3 Nbd7 7. c4 c6 8. c5 Qc7 9. 0-0 e5 10. dxe5 Nxe5 11. Nxe5 Qxe5 12. Nc3 0-0 13. h3 Bf5 14. Qe2 Bxd3 15. Qxd3 Rad8 16. Rad1 Ne4 17. Nxe4 Qxe4 18. Qxe4 dxe4 19. Rd4 Rxd4 20. exd4 Rd8 21. Rd1 f5 22. Kf1 Kf7 23. Ke2 Ke6 24. Ke3 Kd5 25. b3 g5 26. f4 gxf4+ 27. Kxf4 Rg8 28. Rd2 1/2-1/2

[Event "ESP-ch U10"]
[Site "Salobrena"]
[Date "2021.06.29"]
[Round "3"]
[White "Alonso Gimenez, Mauro"]
[Black "Bozhkov Stoyanov, Cristopher"]
[Result "1-0"]
[WhiteElo "1365"]
[BlackElo "1187"]
[PlyCount "77"]
[EventDate "2021.06.28"]
[EventType "swiss"]
[EventRounds "9"]
[EventCountry "ESP"]
[SourceTitle "EXT 2022"]
[Source "ChessBase"]
[SourceDate "2021.10.06"]
[SourceVersion "1"]
[SourceVersionDate "2021.10.06"]
[SourceQuality "1"]

1. e4 e5 2. Nf3 Nc6 3. Bc4 Bc5 4. d3 Nf6 5. c3 a5 6. 0-0 d6 7. h3 h6 8. Bb5 Bd7 9. Re1 0-0 10. Be3 Bxe3 11. Rxe3 Ne7 12. Bxd7 Qxd7 13. Nh4 c5 14. Rg3 Kh7 15. Nd2 Ng6 16. Nf5 Rg8 17. Nc4 Ra6 18. Nce3 Nf4 19. Ng4 N6h5 20. Re3 f6 21. Kh2 d5 22. g3 dxe4 23. dxe4 Qxd1 24. Rxd1 Ne6 25. Rd7 Rd8 26. Rxb7 Rd2 27. Kg2 Kg6 28. Rf3 Ng5 29. Nh4+ Kh7 30. Re3 a4 31. Nf5 a3 32. bxa3 Rxa2 33. Rd3 Nxe4 34. Rdd7 R6xa3 35. Nxg7 Nxg7 36. Rxg7+ Kh8 37. Rh7+ Kg8 38. Nxh6+ Kf8 39. Rh8# 1-0